00517nam a2200181 a 4500001001300000003000900013005001700022008004100039020001000080082001500090245006200105260004200167300000800209500003500217505002500252650003100277710002700308nice12345678IN_TiNIC20260116012348.0050524s1974 laha grp 000 0 urd  ac10000a227.1bBIB aMuqaddas Pauloos Rasool Ka Khat Roma Ki Kalisiya Ke Naam. aLahorebBible Society of India c1974 a68p aincludes index and biblioraphy2 aBibliograpphy, Index aBible N.T. Epistles Romans2 aBible Society of India